Vista normal
Vista MARC
- Uso de la tierra
Entrada Término temático
Número de registros utilizados en: 10
001 - NÚMERO DE CONTROL
- campo de control: 31087
003 - IDENTIFICADOR DEL NÚMERO DE CONTROL
- campo de control: OSt
005 - FECHA Y HORA DE LA ÚLTIMA TRANSACCIÓN
- campo de control: 20150915204744.0
008 - DATOS DE LONGITUD FIJA
- campo de control de longitud fija: 150915|| aca||aabn | a|a d
040 ## - FUENTE DE LA CATALOGACIÓN
- Centro catalogador/agencia de origen: OSt
- Centro/agencia transcriptor: OSt
150 ## - ENCABEZAMIENTO--TÉRMINO DE MATERIA
- Término de materia o nombre geográfico como elemento de entrada: Uso de la tierra
450 ## - TRAZADO DE VÉASE--TÉRMINO DE MATERIA
- Término de materia o nombre geográfico como elemento de entrada: Utilización de la tierra
670 ## - FUENTE DE DATOS ENCONTRADOS
- Cita de la fuente: FEDEPALMA